'M' TV Shows by Cast Photo Quiz Stats

 Plays Quiz Updated May 27, 2017

Support Sporcle.
Go Orange.
Score 0/20 Timer 08:00
6 Plays Today
% Correct
Malcolm in the Middle
94%
Modern Family
93.9%
M*A*S*H
89.5%
Mork & Mindy
82.5%
Mad Men
82.5%
Married... With Children
81.4%
The Munsters
80.3%
My Name is Earl
79.9%
Mike & Molly
75.1%
Mister Ed
74.2%
% Correct
Mythbusters
73.5%
Miami Vice
70.1%
Mom
68%
The Middle
66.2%
The Mary Tyler Moore Show
62.8%
Murphy Brown
61.7%
The Mindy Project
61.6%
Moonlighting
59.9%
The Mentalist
52.7%
My Three Sons
47.5%

From the Vault

Finish the TV Show Titles (2010s)

by LTH

Help bring these TV shows to a close.
Remove Ads.
Support Sporcle.
Get the best of Sporcle when you Go Orange. This ad-free experience offers more features, more stats, and more fun while also helping to support Sporcle. Thank you for becoming a member.

Show Comments

Extras

Top Quizzes Today


Score Distribution

Your Account Isn't Verified!

In order to create a playlist on Sporcle, you need to verify the email address you used during registration. Go to your Sporcle Settings to finish the process.

Report this User

Report this user for behavior that violates our Community Guidelines.

Details: